Protivopožarnyje rozprijatija na železnodorožnom transporte.

Uložené v:
Podrobná bibliografia
Hlavný autor: Gachovič, A. A.
Médium: Kniha
Jazyk:Slovak
Vydané: 1952.
Tagy: Pridať tag
Žiadne tagy, Buďte prvý kto otaguje tento záznam!

MARC

LEADER 00000nam a22000004a 4500
001 000542425
005 20170526152238.0
008 170526s1952 xo e 000 0 slo d
040 |a SVKKK  |b slo  |c SVKKK  |e AACR2 
100 1 |a Gachovič, A. A. 
245 1 0 |a Protivopožarnyje rozprijatija na železnodorožnom transporte. 
260 |c 1952. 
500 |a Záznam revízie 
910 |a svkkk 
998 |a BK 
090 |g SCKHL  |k Sklad  |a III.483  |j 38906  |i 542425-10  |4 Zastaraná  |s Vyradená